Strong democracy : participatory politics for a new age
Αποθηκεύτηκε σε:
| Κύριος συγγραφέας: | |
|---|---|
| Μορφή: | Βιβλίο |
| Γλώσσα: | English |
| Δημοσίευση: |
Berkeley, Calif :
University of California Press,
2003, c1984
|
| Έκδοση: | 20th anniversary ed. |
| Θέματα: | |
| Ετικέτες: |
Προσθήκη ετικέτας
Δεν υπάρχουν, Καταχωρήστε ετικέτα πρώτοι!
|
MARC
| LEADER | 00000nam a2200000 i 4500 | ||
|---|---|---|---|
| 001 | 1/5815 | ||
| 008 | 100317r20031984 eng d | ||
| 020 | |a 0-520-24233-5 | ||
| 035 | |l 10107296 | ||
| 040 | |a GR-MY-UA |b gre |e aacr | ||
| 041 | 0 | |a eng | |
| 082 | 0 | |a 321.8 |2 (22) | |
| 100 | 1 | |a Barber, Benjamin R. |d 1939- | |
| 245 | 1 | 0 | |a Strong democracy : |b participatory politics for a new age / |c Benjamin R. Barber |
| 250 | |a 20th anniversary ed. | ||
| 260 | |a Berkeley, Calif : |b University of California Press, |c 2003, c1984 | ||
| 300 | |a xxxvi, 320 σ.; |c 23 εκ. | ||
| 504 | |a Περιέχει βιβλιογραφικές παραπομπές και ευρετήριο | ||
| 650 | 0 | 0 | |a Democracy. |
| 650 | 0 | 0 | |a Liberalism. |
| 650 | 0 | 0 | |a Citizenship. |
| 650 | 0 | 0 | |a Community. |
| 650 | 0 | 0 | |a Political participation. |
| 852 | |a INST |b LESVOS |e 20100317 |h 321.8 BAR |p 005100046169 |q 005100046169 |t BK |y 0 | ||
| 901 | |a BIBL1-2010-1 | ||
| 909 | |a Λ |b 152071 | ||
| 922 | |a 1ΕΛΗ |b 200803 |c ΕΠΕΑΕΚ2/ΤΠ |d ΕΛΕΥΘΕΡΟΥΔΑΚΗΣ | ||
| 970 | |a ΓΙΑΛΑΜΑ |b ΜΑΡΙΑ |z 2010/03/17 | ||